000 nam a22 a 4500
999 _c206248
_d206248
003 BLK
005 20221201181721.0
008 180411b bul|||||r ||||||| ||bul||
010 _aKNG00215997000
040 _aBLK
041 _aBUL
_cBUL
080 _aОраторско изкуство. Красноречие. Дебати. Публични дискусии. Психология на слушателя
_b808.51
_x(075.81)
_z808.51(075.81)
080 _aИзвънучилищно образование на възрастни
_b374.7
_x(075.81)
_z374.7(075.81)
100 1 _aАлександрова, Донка
_eпърви автор
_9374010
139 _aЛекции по реторика
_bЛ 43
245 1 0 _aЛекции по реторика
_bСборник за студентите от СУ Климент Охридски
_cДонка Александрова
257 _aBGR
260 _aСофия
_bСУ Климент Охридски
_c1978
300 _a344 с.
_c22 см
380 _a82
500 _aДруги авт.: Д. Спасов, К. Василев, Г. З. Апресян, Б. Ценков, А. А. Старченко, Ст. Горчев, П. Пенчев, П. Кандев, А. Н. Куницин, Хр. Първев, М. Младенов, Й. Ведър, В. Метев, Д. Павлов, Б. Богданов, Й. Ватев, Л. Симеонова, И. Кюльовски, отбелязани в съдърж Изд. на СУ Климент Охридски. Фак. за подготовка на лектори, пропагандисти и агитатори. Кат. реторика. - Офс. изд. - 1 000 тир.
650 4 _aКрасноречие
_9159671
852 _aЦб 96470
_bЦб
856 4 _qpdf
_i0.00
_ldisable
942 _cKNG
_n0
_01
_s1
944 _aCR
_c09.02.2018
_kГрета_Цуфелде
944 _aED
_c09.02.2018
_kГрета_Цуфелде